Central Library OPAC University of Rajshahi

Analysis of insecticides and acaricides : (Record no. 71993)

MARC details
000 -LEADER
fixed length control field 00891nam a2200241 a 4500
001 - CONTROL NUMBER
control field 71993
003 - CONTROL NUMBER IDENTIFIER
rucl marc code BD-RjUL
005 - DATE AND TIME OF LATEST TRANSACTION
control field 20211209082210.0
008 - FIXED-LENGTH DATA ELEMENTS--GENERAL INFORMATION
fixed length control field 170511s1955 nyua b 001 0 eng
035 ## - SYSTEM CONTROL NUMBER
System control number (BD-RjUL)72209
040 ## - CATALOGING SOURCE
Original cataloging agency DLC
Transcribing agency OTU
Modifying agency BD-RjU
Language of cataloging eng
041 ## - LANGUAGE CODE
Language code of text/sound track or separate title eng
082 ## - DEWEY DECIMAL CLASSIFICATION NUMBER
Classification number 632.951
Edition number 23
Author mark and year GUA 1955
100 1# - MAIN ENTRY--PERSONAL NAME
Personal name Gunther, Francis A.
9 (RLIN) 212937
245 10 - TITLE STATEMENT
Title Analysis of insecticides and acaricides :
Remainder of title a treatise on sampling, isolation, and determination, including residue methods /
Statement of responsibility, etc. Francis A. Gunther and Roger C. Blinn.
260 ## - PUBLICATION, DISTRIBUTION, ETC. (IMPRINT)
Place of publication, distribution, etc. New York :
Name of publisher, distributor, etc. Interscience Publishers,
Date of publication, distribution, etc. c1955
300 ## - PHYSICAL DESCRIPTION
Pagination 696 p. :
Illustrations ill. ;
Size 24 cm.
490 0# - SERIES STATEMENT
Series statement Chemical analysis, a series of monographs on analytical chemistry and its application,
Volume/sequential designation 6
504 ## - BIBLIOGRAPHY, ETC. NOTE
Bibliography, etc Includes bibliography.
650 #0 - SUBJECT ADDED ENTRY--TOPICAL TERM
Topical term or geographic name as entry element Insecticides.
9 (RLIN) 158407
700 1# - ADDED ENTRY--PERSONAL NAME
Personal name Blinn, Roger C.,
Relator term joint author.
942 ## - ADDED ENTRY ELEMENTS (KOHA)
Source of classification or shelving scheme Dewey Decimal Classification
Koha item type Books
Holdings
Lost status Source of classification or shelving scheme Damaged status Not for loan Collection code Permanent Location Current Location Shelving location Date acquired Source of acquisition Cost, normal purchase price Total Checkouts Full call number Date last seen Copy number Koha item type
  Dewey Decimal Classification   Not For Loan Non-fiction Central Library, University of Rajshahi Central Library, University of Rajshahi Reading Room 09/12/2021 Zeitlinger 1083.00   632.951 GUA 1955 11/05/2017 C-1 Books